00947nam a22002777a 4500999001500000001000500015003000900020005001700029008004100046020001500087022001400102040002800116082002200144100002000166245009300186250001700279260003900296300003000335500002000365590003200385650005000417650005200467710001900519942001200538952011900550 c2024d20241368BD-DhUAP20200219104330.0200219r19951987mnuar l 0 a0eng c a03140635440 a0894-9972 aNSDbengcNSDdBD-DhUAP00223a343.7304 SMI  aSmith, James E.10aWest's Internal Revenue Code of 1986 and treasury regulations :bannotated and selected. a1996 Edition aSt. Paul :bWest Pub. Co.,cc1995. axli, 1812 pages ;c25 cm. aIncludes index. aSERBIB/SERLOC merged record 0aTaxationxLaw and legislationzUnited States. 0aIncome taxxLaw and legislationzUnited States.1 aUnited States. 2ddccBK 00102ddc4070aUAPCLbUAPCLcGeneral Stacksd2020-02-19o343.7304 SMIp3010001368r2020-02-19t1w2020-02-19yBK